Slowest Growing U.S. State Capitals - Statistics

General Stats
  • This quiz has been taken 114 times
  • The average score is 6 of 10
Answer Stats
% Change 2010-2020 State Capital % Correct
1.24 Lansing
77%
1.22 Augusta
68%
0.5 Montpelier
68%
-6.9 Charleston
67%
-0.7 Springfield
61%
1.0 Jackson
60%
0.1 Hartford
51%
3.07 Montgomery
48%
0.3 Jefferson City
45%
-0.3 Topeka
35%
No matching quizzes found
Score Distribution
Percent of People with Each Score
Percentile by Number Answered
Your Score History
You have not taken this quiz